Loading...
| History - American | 0 | 3 | 0 | 0 | 30 | 83 | 91.67 | 1 | 3 | 0.00 | 0.00 |
| History - European | 2 | 0 | 0 | 0 | 30 | 29 | 47.00 | 2 | 2 | 0.00 | 0.00 |
| Beliefs | 0 | 3 | 1 | 0 | 25 | 71 | 90.67 | 1 | 3 | 0.00 | 0.00 |
| Fine Arts - Visual | 0 | 2 | 0 | 0 | 20 | 78 | 104.50 | 0 | 2 | 0.00 | 0.00 |
| Other Science: Math | 1 | 0 | 0 | 0 | 15 | 62 | 62.00 | 1 | 1 | 0.00 | 0.00 |
| Other Science: Computer Science | 1 | 0 | 0 | 0 | 15 | 32 | 32.00 | 1 | 1 | 0.00 | 0.00 |
| Science - Biology | 0 | 1 | 0 | 0 | 10 | 101 | 101.00 | 0 | 1 | 0.00 | 0.00 |
| Other Academic | 1 | 0 | 1 | 0 | 10 | 45 | 45.00 | 1 | 1 | 0.00 | 0.00 |
| Science - Physics | 1 | 0 | 1 | 0 | 10 | 56 | 56.00 | 0 | 1 | 0.00 | 0.00 |
| Geography | 0 | 1 | 1 | 1 | 5 | 137 | 137.00 | 0 | 1 | 0.00 | 0.00 |
| Literature - American | 0 | 1 | 1 | 1 | 5 | 136 | 136.00 | 0 | 0 | 0.00 | 0.00 |
| History - World | 0 | 1 | 1 | 0 | 5 | 107 | 107.00 | 0 | 0 | 0.00 | 0.00 |
| Literature - European | 0 | 0 | 0 | 0 | 0 | 0.00 | 0 | 0 | 0.00 | 0.00 | |
| Other Arts: Visual | 0 | 0 | 1 | 0 | -5 | 0.00 | 0 | 0 | 0.00 | 0.00 | |
| 0 | 0 | 1 | 0 | -5 | 0.00 | 0 | 0 | 0.00 | 0.00 |